Discovery - Daft Punk - Statistiques

Statistiques générales
  • Ce quiz a été pris 53 fois
  • Le résultat moyen est 10 sur 14
Statistiques - réponses
Ordre Titres % Correct
11 Veridis Quo
93%
4 Harder, Better, Faster, Stronger
87%
1 One More Time
85%
3 Digital Love
80%
2 Aerodynamic
78%
14 Too Long
76%
9 Something About Us
70%
10 Voyager
67%
13 Face to Face
65%
5 Crescendolls
63%
6 Nightvision
59%
7 Superheroes
59%
8 High Life
50%
12 Short Circuit
50%
Aucun quiz correspondant
Distribution des résultats
% des personnes avec chaque résultat
Percentile par nombre de réponses
Votre historique - résultats
Vous n’avez pas pris ce quiz